000 00290nam a22001337a 4500
008 170726b xxu||||| |||| 00| 0 eng d
020 _a9781861004888
041 _aeng
080 _a004
100 _a30
101 _aSHK
245 _aPROFESSIONAL ASP.NET
_cANDERSON,R
942 _2udc
_cBK
999 _c21912
_d21912